| 000 | 00640cam a22002413a 4500 | ||
|---|---|---|---|
| 001 | 19819 | ||
| 003 | PGUSA | ||
| 005 | 20140828083423.0 | ||
| 008 | 061115s2006||||xxu|||||s|||||000 p eng d | ||
| 040 |
_aPGUSA _beng |
||
| 042 | _adc | ||
| 050 | 4 | _aPR | |
| 100 | 1 |
_aMilton, John, _d1608-1674 |
|
| 245 | 1 | 0 |
_aMilton's Comus _h[electronic resource] / _cJohn Milton |
| 260 |
_bProject Gutenberg, _c2006 |
||
| 506 | _aPublic domain in the USA. | ||
| 516 | _aElectronic text | ||
| 653 | _aPoetry | ||
| 700 | 1 |
_aBell, William, _d1860- |
|
| 830 | 0 |
_aProject Gutenberg _v19819 |
|
| 856 | 4 | 0 | _uhttp://www.gutenberg.org/ebooks/19819 |
| 942 | _cEB | ||
| 999 |
_c249074 _d249074 |
||